[Event "Stay Safe Play From Home 274"]
[Site "Emanuel Lasker Arena"]
[Date "2020.07.03"]
[Round "9"]
[White "Broken sword"]
[Black "SoulofWolf"]
[Result "1-0"]
[WhiteElo "2454"]
[BlackElo "2204"]
[PlyCount "87"]
[EventDate "2020.07.03"]
[EventType "swiss (blitz)"]

1. d4 {[%emt 0:00:01]} c6 {[%emt 0:00:00]} 2. Nf3 {[%emt 0:00:00]} d5 {[%emt 0:00:00]} 3. c4 {[%emt 0:00:01]} c5 {[%emt 0:00:01]} 4. cxd5 {[%emt 0:00:00]} e6 {[%emt 0:00:00]} 5. dxe6 {[%emt 0:00:01]} Bxe6 {[%emt 0:00:00]} 6. Nc3 {[%emt 0:00:01]} Nd7 {[%emt 0:00:01]} 7. d5 {[%emt 0:00:01]} Bg4 {[%emt 0:00:00]} 8. e4 {[%emt 0:00:01]} Bd6 {[%emt 0:00:01]} 9. Be2 {[%emt 0:00:01]} Ne7 {[%emt 0:00:00]} 10. Bg5 {[%emt 0:00:01]} h6 {[%emt 0:00:01]} 11. Bh4 {[%emt 0:00:00]} g5 {[%emt 0:00:01]} 12. Bg3 {[%emt 0:00:01]} Bxf3 {[%emt 0:00:04]} 13. Bxd6 {[%emt 0:00:02]} Bxe2 {[%emt 0:00:00]} 14. Qxe2 {[%emt 0:00:00]} O-O {[%emt 0:00:01]} 15. O-O {[%emt 0:00:01]} Re8 {[%emt 0:00:00]} 16. Rfe1 {[%emt 0:00:01]} Ng6 {[%emt 0:00:01]} 17. Qe3 {[%emt 0:00:05]} b6 {[%emt 0:00:01]} 18. Rad1 {[%emt 0:00:01]} Nf6 {[%emt 0:00:00]} 19. Bg3 {[%emt 0:00:03]} Ng4 {[%emt 0:00:01]} 20. Qe2 {[%emt 0:00:01]} Qd7 {[%emt 0:00:03]} 21. f3 {[%emt 0:00:01]} N4e5 {[%emt 0:00:02]} 22. b3 {[%emt 0:00:01]} Re7 {[%emt 0:00:01]} 23. Qd2 {[%emt 0:00:00]} Rd8 {[%emt 0:00:01]} 24. Qe2 {[%emt 0:00:01]} g4 {[%emt 0:00:02]} 25. f4 {[%emt 0:00:02]} h5 {[%emt 0:00:06]} 26. fxe5 {[%emt 0:00:01]} Nxe5 {[%emt 0:00:00]} 27. Bxe5 {[%emt 0:00:01]} Rxe5 {[%emt 0:00:00]} 28. Qd3 {[%emt 0:00:01]} Rde8 {[%emt 0:00:00]} 29. Qb5 {[%emt 0:00:01]} Qc8 {[%emt 0:00:02]} 30. d6 {[%emt 0:00:01]} Rd8 {[%emt 0:00:03]} 31. Qd3 {[%emt 0:00:01]} Qd7 {[%emt 0:00:02]} 32. a4 {[%emt 0:00:01]} Re6 {[%emt 0:00:02]} 33. e5 {[%emt 0:00:01]} f6 {[%emt 0:00:01]} 34. Qd5 {[%emt 0:00:01]} Kg7 {[%emt 0:00:02]} 35. Nb5 {[%emt 0:00:02]} a6 {[%emt 0:00:04]} 36. Nc7 {[%emt 0:00:01]} Rxe5 {[%emt 0:00:00]} 37. Rxe5 {[%emt 0:00:01]} fxe5 {[%emt 0:00:02]} 38. Qxe5+ {[%emt 0:00:00]} Kg6 {[%emt 0:00:01]} 39. Ne6 {[%emt 0:00:02]} Re8 {[%emt 0:00:01]} 40. Qg5+ {[%emt 0:00:02]} Kh7 {[%emt 0:00:01]} 41. Qxh5+ {[%emt 0:00:01]} Kg8 {[%emt 0:00:01]} 42. Qxg4+ {[%emt 0:00:01]} Kh7 {[%emt 0:00:00]} 43. Ng5+ {[%emt 0:00:01]} Kg8 {[%emt 0:00:00]} 44. Qxd7 {[%emt 0:00:01] SoulofWolf poddaje siê (Lag: Av=0.27s, max=0.9s)} 1-0

[Event "Stay Safe Play From Home 274"]
[Site "Emanuel Lasker Arena"]
[Date "2020.07.03"]
[Round "9"]
[White "Mepe_Nika"]
[Black "BrainThinker22"]
[Result "0-1"]
[WhiteElo "2385"]
[BlackElo "2372"]
[Annotator "NA"]
[PlyCount "126"]
[EventDate "2020.07.03"]
[EventType "swiss (blitz)"]

1. d4 {[%emt 0:00:01]} c5 {[%emt 0:00:01]} 2. d5 {[%emt 0:00:01]} e5 {[%emt 0:00:01]} 3. c4 {[%emt 0:00:01]} d6 {[%emt 0:00:00]} 4. Nc3 {[%emt 0:00:00]} Be7 {[%emt 0:00:00]} 5. e4 {[%emt 0:00:00]} Bg5 {[%emt 0:00:01]} 6. g3 {[%emt 0:00:01]} Bxc1 {[%emt 0:00:00]} 7. Rxc1 {[%emt 0:00:00]} Nf6 {[%emt 0:00:00]} 8. Bg2 {[%emt 0:00:00]} O-O {[%emt 0:00:00]} 9. Nge2 {[%emt 0:00:00]} Ne8 {[%emt 0:00:00]} 10. O-O {[%emt 0:00:00]} g6 {[%emt 0:00:00]} 11. f3 {[%emt 0:00:00]} Ng7 {[%emt 0:00:01]} 12. a3 {[%emt 0:00:00]} f5 {[%emt 0:00:00]} 13. b4 {[%emt 0:00:01]} b6 {[%emt 0:00:01]} 14. Rb1 {[%emt 0:00:01]} Nd7 {[%emt 0:00:02]} 15. Qd3 {[%emt 0:00:01]} Nf6 {[%emt 0:00:01]} 16. h3 {[%emt 0:00:01]} Bd7 {[%emt 0:00:03]} 17. Kh2 {[%emt 0:00:01]} Qc8 {[%emt 0:00:01]} 18. bxc5 {[%emt 0:00:01]} bxc5 {[%emt 0:00:01]} 19. Rb3 {[%emt 0:00:01]} Qa6 {[%emt 0:00:01]} 20. Rfb1 {[%emt 0:00:01]} fxe4 {[%emt 0:00:00]} 21. Nxe4 {[%emt 0:00:01]} Nxe4 {[%emt 0:00:01]} 22. fxe4 {[%emt 0:00:01]} Rf2 {[%emt 0:00:01]} 23. Rf1 {[%emt 0:00:02]} Raf8 {[%emt 0:00:01]} 24. Rxf2 {[%emt 0:00:01]} Rxf2 {[%emt 0:00:00]} 25. Kg1 {[%emt 0:00:00]} Rf8 {[%emt 0:00:02]} 26. Kh2 {[%emt 0:00:00]} Ba4 {[%emt 0:00:02]} 27. Rb2 {[%emt 0:00:03]} Qa5 {[%emt 0:00:01]} 28. Qc3 {[%emt 0:00:01]} Qa6 {[%emt 0:00:02]} 29. h4 {[%emt 0:00:03]} Qc8 {[%emt 0:00:03]} 30. Qe3 {[%emt 0:00:03]} Qd8 {[%emt 0:00:07]} 31. Nc3 {[%emt 0:00:01]} Bd7 {[%emt 0:00:01]} 32. Rb7 {[%emt 0:00:02]} Bg4 {[%emt 0:00:05]} 33. Rxa7 {[%emt 0:00:02]} Qb8 {[%emt 0:00:01]} 34. Ra5 {[%emt 0:00:05]} Qb2 {[%emt 0:00:01]} 35. Nd1 {[%emt 0:00:02]} Bxd1 {[%emt 0:00:02]} 36. Rb5 {[%emt 0:00:01]} Qc2 {[%emt 0:00:02]} 37. Kg1 {[%emt 0:00:09] Mepe_Nika offers a draw} Bg4 {[%emt 0:00:02]} 38. Qe1 {[%emt 0:00:01]} Qxc4 {[%emt 0:00:02]} 39. Rb7 {[%emt 0:00:02]} Qd4+ {[%emt 0:00:00]} 40. Kh2 {[%emt 0:00:01]} Qf2 {[%emt 0:00:00]} 41. Qxf2 {[%emt 0:00:01]} Rxf2 {[%emt 0:00:00]} 42. Kg1 {[%emt 0:00:01]} Ra2 {[%emt 0:00:01]} 43. Ra7 {[%emt 0:00:00]} Ra1+ {[%emt 0:00:00]} 44. Kh2 {[%emt 0:00:00]} Ra2 {[%emt 0:00:00]} 45. Ra8+ {[%emt 0:00:00]} Kf7 {[%emt 0:00:01]} 46. a4 {[%emt 0:00:00]} Bf3 {[%emt 0:00:01]} 47. Kg1 {[%emt 0:00:00]} Rxg2+ {[%emt 0:00:00]} 48. Kf1 {[%emt 0:00:00]} Ra2 {[%emt 0:00:00]} 49. a5 {[%emt 0:00:00]} Bxe4 {[%emt 0:00:00]} 50. Ke1 {[%emt 0:00:00]} Nf5 {[%emt 0:00:02]} 51. Kd1 {[%emt 0:00:00]} Nd4 {[%emt 0:00:00]} 52. Kc1 {[%emt 0:00:00]} Rc2+ {[%emt 0:00:00]} 53. Kd1 {[%emt 0:00:00]} Rc3 {[%emt 0:00:00]} 54. Ra7+ {[%emt 0:00:00]} Kf6 {[%emt 0:00:01]} 55. a6 {[%emt 0:00:00]} Bf3+ {[%emt 0:00:00]} 56. Ke1 {[%emt 0:00:00]} Rd3 {[%emt 0:00:00]} 57. Kf1 {[%emt 0:00:00]} Re3 {[%emt 0:00:00]} 58. Kg1 {[%emt 0:00:00]} Re2 {[%emt 0:00:00]} 59. Kf1 {[%emt 0:00:01]} Rg2 {[%emt 0:00:00]} 60. Rf7+ {[%emt 0:00:01]} Kxf7 {[%emt 0:00:01]} 61. Ke1 {[%emt 0:00:00] Mepe_Nika offers a draw} Ne2 {[%emt 0:00:00]} 62. Kf1 {[%emt 0:00:00]} Nxg3+ {[%emt 0:00:00]} 63. Ke1 {[%emt 0:00:00]} Re2+ {[%emt 0:00:00] Time (Lag: Av=0.93s, max=9.3s)} 0-1

[Event "Stay Safe Play From Home 274"]
[Site "Emanuel Lasker Arena"]
[Date "2020.07.03"]
[Round "9"]
[White "Lamborghini"]
[Black "Grizzzly"]
[Result "1-0"]
[WhiteElo "2276"]
[BlackElo "1914"]
[PlyCount "43"]
[EventDate "2020.07.03"]
[EventType "swiss (blitz)"]

1. e4 {[%emt 0:00:02]} c6 {[%emt 0:00:00]} 2. d3 {[%emt 0:00:00]} d5 {[%emt 0:00:00]} 3. Nd2 {[%emt 0:00:00]} dxe4 {[%emt 0:00:01]} 4. dxe4 {[%emt 0:00:01]} Nd7 {[%emt 0:00:00]} 5. Ngf3 {[%emt 0:00:01]} Ngf6 {[%emt 0:00:01]} 6. e5 {[%emt 0:00:01]} Nd5 {[%emt 0:00:01]} 7. g3 {[%emt 0:00:02]} e6 {[%emt 0:00:00]} 8. Bg2 {[%emt 0:00:01]} Bc5 {[%emt 0:00:03]} 9. O-O {[%emt 0:00:01]} O-O {[%emt 0:00:01]} 10. Ne4 {[%emt 0:00:01]} Qc7 {[%emt 0:00:02]} 11. c4 {[%emt 0:00:03]} N5b6 {[%emt 0:00:02]} 12. Bf4 {[%emt 0:00:04]} Rd8 {[%emt 0:00:01]} 13. Qc2 {[%emt 0:00:02]} Be7 {[%emt 0:00:03]} 14. Neg5 {[%emt 0:00:01]} Bxg5 {[%emt 0:00:02]} 15. Nxg5 {[%emt 0:00:01]} g6 {[%emt 0:00:00]} 16. Ne4 {[%emt 0:00:01]} Nc5 {[%emt 0:00:01]} 17. Nf6+ {[%emt 0:00:01]} Kg7 {[%emt 0:00:02]} 18. Rad1 {[%emt 0:00:01]} Rxd1 {[%emt 0:00:02]} 19. Rxd1 {[%emt 0:00:01]} Nbd7 {[%emt 0:00:00]} 20. b4 {[%emt 0:00:01]} Na6 {[%emt 0:00:03]} 21. Qc3 {[%emt 0:00:02]} c5 {[%emt 0:00:04]} 22. Ne8+ {[%emt 0:00:01] Grizzzly gibt auf (Lag: Av=0.38s, max=0.9s)} 1-0

[Event "Stay Safe Play From Home 274"]
[Site "Emanuel Lasker Arena"]
[Date "2020.07.03"]
[Round "9"]
[White "NeatFox"]
[Black "Weltszmerc"]
[Result "0-1"]
[WhiteElo "1982"]
[BlackElo "2120"]
[PlyCount "96"]
[EventDate "2020.07.03"]
[EventType "swiss (blitz)"]

1. g4 {[%emt 0:00:01]} d5 {[%emt 0:00:01]} 2. Bg2 {[%emt 0:00:00]} c6 {[%emt 0:00:01]} 3. c4 {[%emt 0:00:00]} Bxg4 {[%emt 0:00:01]} 4. cxd5 {[%emt 0:00:00]} cxd5 {[%emt 0:00:00]} 5. Qb3 {[%emt 0:00:00]} Nf6 {[%emt 0:00:03]} 6. Qxb7 {[%emt 0:00:01]} Nbd7 {[%emt 0:00:00]} 7. Nc3 {[%emt 0:00:00]} e6 {[%emt 0:00:01]} 8. Nb5 {[%emt 0:00:01]} Rc8 {[%emt 0:00:03]} 9. Qxa7 {[%emt 0:00:01]} Be7 {[%emt 0:00:02]} 10. Qe3 {[%emt 0:00:01]} O-O {[%emt 0:00:01]} 11. Qg3 {[%emt 0:00:01]} Bh5 {[%emt 0:00:01]} 12. d4 {[%emt 0:00:03]} Nb6 {[%emt 0:00:02]} 13. Nc3 {[%emt 0:00:02]} Bg6 {[%emt 0:00:01]} 14. h4 {[%emt 0:00:01]} h6 {[%emt 0:00:01]} 15. Bf3 {[%emt 0:00:01]} Ne4 {[%emt 0:00:02]} 16. Nxe4 {[%emt 0:00:03]} dxe4 {[%emt 0:00:01]} 17. Bg4 {[%emt 0:00:01]} h5 {[%emt 0:00:02]} 18. Bh3 {[%emt 0:00:04]} Qxd4 {[%emt 0:00:00]} 19. Be3 {[%emt 0:00:01]} Bb4+ {[%emt 0:00:01]} 20. Kf1 {[%emt 0:00:02]} Qxb2 {[%emt 0:00:00]} 21. Re1 {[%emt 0:00:01]} Nc4 {[%emt 0:00:02]} 22. Rd1 {[%emt 0:00:02]} Nxe3+ {[%emt 0:00:04]} 23. Qxe3 {[%emt 0:00:00]} Qxa2 {[%emt 0:00:02]} 24. f3 {[%emt 0:00:05]} Rc3 {[%emt 0:00:01]} 25. Qf2 {[%emt 0:00:02]} e3 {[%emt 0:00:01]} 26. Qg2 {[%emt 0:00:02]} Qb3 {[%emt 0:00:01]} 27. Ra1 {[%emt 0:00:03]} Rfc8 {[%emt 0:00:03]} 28. Re1 {[%emt 0:00:02]} Rc1 {[%emt 0:00:01]} 29. Qg3 {[%emt 0:00:00]} Rxe1+ {[%emt 0:00:02]} 30. Kg2 {[%emt 0:00:00]} Qd1 {[%emt 0:00:03]} 31. f4 {[%emt 0:00:01]} Be4+ {[%emt 0:00:02]} 32. Kh2 {[%emt 0:00:01]} Bd6 {[%emt 0:00:01]} 33. Bg2 {[%emt 0:00:03]} Bxg2 {[%emt 0:00:01]} 34. Qxg2 {[%emt 0:00:00]} Rc2 {[%emt 0:00:01]} 35. Kh3 {[%emt 0:00:01]} Bxf4 {[%emt 0:00:01]} 36. Qf3 {[%emt 0:00:03]} Rxg1 {[%emt 0:00:02]} 37. Rxg1 {[%emt 0:00:00]} Qxg1 {[%emt 0:00:01]} 38. Qg2 {[%emt 0:00:00]} Qxg2+ {[%emt 0:00:01]} 39. Kxg2 {[%emt 0:00:00]} Rxe2+ {[%emt 0:00:01]} 40. Kf3 {[%emt 0:00:00]} Rf2+ {[%emt 0:00:00]} 41. Ke4 {[%emt 0:00:00]} f5+ {[%emt 0:00:01]} 42. Kd3 {[%emt 0:00:00]} Rd2+ {[%emt 0:00:01]} 43. Kc3 {[%emt 0:00:01]} Be5+ {[%emt 0:00:00]} 44. Kc4 {[%emt 0:00:00]} e2 {[%emt 0:00:00]} 45. Kb3 {[%emt 0:00:00]} e1=Q {[%emt 0:00:00]} 46. Kc4 {[%emt 0:00:00]} Qc1+ {[%emt 0:00:00]} 47. Kb3 {[%emt 0:00:00]} Rb2+ {[%emt 0:00:00]} 48. Ka4 {[%emt 0:00:00]} Qa1# {[%emt 0:00:00] (Lag: Av=0.74s, max=1.0s)} 0-1

[Event "Stay Safe Play From Home 274"]
[Site "Emanuel Lasker Arena"]
[Date "2020.07.03"]
[Round "9"]
[White "Buzaglo"]
[Black "Greblha"]
[Result "1-0"]
[WhiteElo "1927"]
[BlackElo "1976"]
[PlyCount "105"]
[EventDate "2020.07.03"]
[EventType "swiss (blitz)"]

1. d4 {[%emt 0:00:01]} c6 {[%emt 0:00:00]} 2. Nf3 {[%emt 0:00:00]} d5 {[%emt 0:00:00]} 3. g3 {[%emt 0:00:00]} Nf6 {[%emt 0:00:01]} 4. Bg2 {[%emt 0:00:00]} g6 {[%emt 0:00:00]} 5. O-O {[%emt 0:00:00]} Bg7 {[%emt 0:00:00]} 6. Nbd2 {[%emt 0:00:00]} O-O {[%emt 0:00:00]} 7. c4 {[%emt 0:00:00]} Nbd7 {[%emt 0:00:01]} 8. cxd5 {[%emt 0:00:00]} Nxd5 {[%emt 0:00:01]} 9. Re1 {[%emt 0:00:00]} e6 {[%emt 0:00:01]} 10. e4 {[%emt 0:00:01]} N5b6 {[%emt 0:00:00]} 11. e5 {[%emt 0:00:00]} Nd5 {[%emt 0:00:02]} 12. Nc4 {[%emt 0:00:01]} N7b6 {[%emt 0:00:02]} 13. Nd6 {[%emt 0:00:01]} Bd7 {[%emt 0:00:01]} 14. Nxb7 {[%emt 0:00:01]} Qc7 {[%emt 0:00:01]} 15. Nd6 {[%emt 0:00:00]} a5 {[%emt 0:00:01]} 16. a4 {[%emt 0:00:01]} Nc8 {[%emt 0:00:01]} 17. Nxc8 {[%emt 0:00:02]} Bxc8 {[%emt 0:00:01]} 18. b3 {[%emt 0:00:01]} Ba6 {[%emt 0:00:01]} 19. Bf1 {[%emt 0:00:02]} Nc3 {[%emt 0:00:01]} 20. Qd2 {[%emt 0:00:02]} Nd5 {[%emt 0:00:01]} 21. Bxa6 {[%emt 0:00:02]} Rxa6 {[%emt 0:00:00]} 22. Qd3 {[%emt 0:00:01]} Rfa8 {[%emt 0:00:01]} 23. Bd2 {[%emt 0:00:01]} Bf8 {[%emt 0:00:02]} 24. Rac1 {[%emt 0:00:01]} Bb4 {[%emt 0:00:01]} 25. Bxb4 {[%emt 0:00:01]} Nxb4 {[%emt 0:00:01]} 26. Qe4 {[%emt 0:00:00]} Qd7 {[%emt 0:00:02]} 27. Red1 {[%emt 0:00:03]} Rb6 {[%emt 0:00:02]} 28. h4 {[%emt 0:00:02]} Na2 {[%emt 0:00:01]} 29. Rc2 {[%emt 0:00:02]} Nb4 {[%emt 0:00:01]} 30. Rcd2 {[%emt 0:00:02]} Nd5 {[%emt 0:00:01]} 31. h5 {[%emt 0:00:01]} Rxb3 {[%emt 0:00:01]} 32. h6 {[%emt 0:00:02]} Qe7 {[%emt 0:00:03]} 33. Rd3 {[%emt 0:00:01]} Rxd3 {[%emt 0:00:02]} 34. Rxd3 {[%emt 0:00:00]} Rb8 {[%emt 0:00:01]} 35. Kg2 {[%emt 0:00:04]} Rb1 {[%emt 0:00:02]} 36. Nd2 {[%emt 0:00:01]} Rd1 {[%emt 0:00:01]} 37. Nc4 {[%emt 0:00:01]} Rxd3 {[%emt 0:00:02]} 38. Qxd3 {[%emt 0:00:00]} Nb4 {[%emt 0:00:01]} 39. Qc3 {[%emt 0:00:01]} Qg5 {[%emt 0:00:01]} 40. Nd6 {[%emt 0:00:01]} Qxh6 {[%emt 0:00:01]} 41. Qc5 {[%emt 0:00:02]} Kg7 {[%emt 0:00:04]} 42. Qxa5 {[%emt 0:00:01]} Nd5 {[%emt 0:00:02]} 43. Qa7 {[%emt 0:00:02]} Qg5 {[%emt 0:00:03]} 44. Qxf7+ {[%emt 0:00:01]} Kh6 {[%emt 0:00:01]} 45. Qf8+ {[%emt 0:00:02]} Kh5 {[%emt 0:00:00]} 46. Nf7 {[%emt 0:00:01]} Nf4+ {[%emt 0:00:01]} 47. Kf3 {[%emt 0:00:02]} Qg4+ {[%emt 0:00:01]} 48. Ke3 {[%emt 0:00:00]} Qe2+ {[%emt 0:00:02]} 49. Kxf4 {[%emt 0:00:01]} Qxf2+ {[%emt 0:00:00]} 50. Ke4 {[%emt 0:00:01]} Qg2+ {[%emt 0:00:01]} 51. Kd3 {[%emt 0:00:01]} Qxg3+ {[%emt 0:00:01]} 52. Kc4 {[%emt 0:00:00]} h6 {[%emt 0:00:02]} 53. Qxh6+ {[%emt 0:00:00] Zeit (Lag: Av=0.52s, max=1.4s)} 1-0

[Event "Stay Safe Play From Home 274"]
[Site "Emanuel Lasker Arena"]
[Date "2020.07.03"]
[Round "9"]
[White "Trotsky"]
[Black "Uber_WING"]
[Result "0-1"]
[WhiteElo "1621"]
[BlackElo "2383"]
[PlyCount "40"]
[EventDate "2020.07.03"]
[EventType "swiss (blitz)"]

1. d4 {[%emt 0:00:02]} c5 {[%emt 0:00:01]} 2. e3 {[%emt 0:00:00]} cxd4 {[%emt 0:00:00]} 3. exd4 {[%emt 0:00:01]} d5 {[%emt 0:00:00]} 4. c4 {[%emt 0:00:01]} Nc6 {[%emt 0:00:00]} 5. Be3 {[%emt 0:00:01]} Nf6 {[%emt 0:00:02]} 6. c5 {[%emt 0:00:01]} Bg4 {[%emt 0:00:01]} 7. f3 {[%emt 0:00:01]} Bh5 {[%emt 0:00:01]} 8. a3 {[%emt 0:00:00]} e6 {[%emt 0:00:00]} 9. g4 {[%emt 0:00:01]} Bg6 {[%emt 0:00:01]} 10. Bd3 {[%emt 0:00:01]} e5 {[%emt 0:00:01]} 11. Nc3 {[%emt 0:00:01]} exd4 {[%emt 0:00:01]} 12. Bxg6 {[%emt 0:00:02]} dxc3 {[%emt 0:00:06]} 13. Bc2 {[%emt 0:00:07]} cxb2 {[%emt 0:00:01]} 14. Rb1 {[%emt 0:00:01]} Qa5+ {[%emt 0:00:00]} 15. Bd2 {[%emt 0:00:01]} Qxc5 {[%emt 0:00:01]} 16. h4 {[%emt 0:00:03]} O-O-O {[%emt 0:00:00]} 17. Ne2 {[%emt 0:00:02]} Re8 {[%emt 0:00:00]} 18. Kf1 {[%emt 0:00:04]} Bd6 {[%emt 0:00:01]} 19. Nc3 {[%emt 0:00:02]} Bg3 {[%emt 0:00:02]} 20. Na4 {[%emt 0:00:02]} Qf2# {[%emt 0:00:01] (Lag: Av=0.23s, max=0.3s)} 0-1